| 000 | 00415cam a22001457a 4500 | ||
|---|---|---|---|
| 008 | 180718b1985 xxu||||| |||| 00| 0 eng d | ||
| 082 | _aC4x54 Sw26/2 | ||
| 100 | _aSwarup, Jagadish | ||
| 245 |
_aConstitution of India _cby Jagadish Swarup |
||
| 260 |
_aAllahabad _bDandewal _c1985 |
||
| 300 | _a-v- | ||
| 500 | _aContents; v.2. xxxix,1187p | ||
| 650 | _aConstitutions --India | ||
| 650 | _aConstitutional law --India | ||
| 999 |
_c423532 _d423532 |
||